| 000 | 00515nam a22001937a 4500 | ||
|---|---|---|---|
| 003 | NUST - PNEC | ||
| 005 | 20170116180759.0 | ||
| 008 | 150411b xxu||||| |||| 00| 0 eng d | ||
| 020 | _a9780194313483 | ||
| 040 | _cLIBRARY | ||
| 082 | _a428.24 THO | ||
| 100 |
_92377 _a Thomson, A. J |
||
| 245 |
_aA practical English grammar _cThomson, A. J. |
||
| 250 | _a4th ed. | ||
| 260 |
_aUSA _bNew York _cC 1986 |
||
| 300 | _a383 . : | ||
| 650 |
_92378 _aA practical English grammar _xEnglish language |
||
| 942 |
_2ddc _cBK |
||
| 999 |
_c62887 _d62887 |
||